000 02952cam a22004814i 4500
003 PE-LiUPU
005 20250731183444.0
008 150513s2011 sp a r 001 0 spa d
020 _a9788425223617
035 _a(Sirsi) i9788425223617
040 _aPE-LiUPU
_bspa
_dPE-LiUPU
_erda
041 1 _aspa
_heng
049 _aPRUA
082 0 4 _a724.6
_bV61
100 1 _aVidler, Anthony,
_eautor.
245 1 0 _aHistorias del presente inmediato :
_bla invención del movimiento moderno arquitectónico /
_cAnthony Vidler ; traducción de Moisés Puente.
264 1 _a[Barcelona] :
_bGustavo Gili,
_c[2011].
300 _a221 páginas :
_bilustraciones ;
_c21 centímetros
336 _atext
_2rdacontent
337 _aunmediated
_2rdamedia
338 _avolume
_2rdacarrier
505 0 _aAutonomía -- Neoclasicismo y autonomía -- De kant a le corbusier -- Análisis estructural -- De kaufmann Johnson y Rossi -- Autonomía resucitada -- Un palladio inglés -- Palladismo moderno -- Palladio en diagramas -- Matemáticas -- La invención del movimiento moderno -- Manierismo -- El fin del movimiento moderno -- Movimiento moderno maniesrista: James Stirling -- El pintoresquismo moderno -- Historicismo frente a funcionalismo -- Movimiento moderno funcionalista -- Futurismo resucitado -- Teorías y diseño -- Programa, ciencia e historia -- "Une architecture autre" -- Más allá de la arquitectura: Banham en los Ángeles -- Arquitecto e historiador -- La revisión de la historia -- El eclipse y el auge de la historia -- Ideología y utopía -- Angustia -- Desencantos -- ¿Posmoderno o posthistoire?.
526 _aP158
526 _aP146
526 _aP17
526 _aP12
526 _aP06
534 _a
_pTítulo original :
_tHistories of the immediate present. Inventing architectural modernism.
541 _g003-000776;
541 _g0020-0000434;
650 7 _aArquitectura
_xTeoría.
_2embne
_94393
650 7 _aArquitectura
_yS.XX.
_2embne
650 7 _aCrítica arquitectónica.
_2embne
_95300
700 1 _aPuente, Moisés,
_etraductor.
910 _aaas
_bjck
_caas
_d20150513
942 _2ddc
_cBOOK
949 _a720.9 V61
_wDEWEY
_c1
_i71150
_lCCODEBUL1
_mBUL
_p51.74
_r0
_sY
_tBOOK
_u2015-5-13
_xINGENIERIA
_PP06
_0COMPRA
_o.STAFF. Colección General
949 _a720.9 V61
_wDEWEY
_c2
_i72886
_lCCODEBUL1
_mBUL
_p42.16
_r0
_sY
_tBOOK
_u2016-5-4
_xINGENIERIA
_PP24
_0COMPRA
_o.STAFF. Colección General
994 _aC0
_bPEPRU
596 _a1
999 _a720.9 V61
_wDEWEY
_c57528
_i71150
_d57528
_f2021-11-10
_g7
_lCCODEBUL1
_mBUL
_p51.74
_q1
_r0
_sY
_tBOOK
_u2015-5-13
_xINGENIERIA
_PP06
_0COMPRA
_o.STAFF. Colección General
999 _a720.9 V61
_wDEWEY
_c2
_i72886
_f2021-11-9
_g7
_lCCODEBUL1
_mBUL
_p42.16
_r0
_sY
_tBOOK
_u2016-5-4
_xINGENIERIA
_PP24
_0COMPRA
_o.STAFF. Colección General
980 _81
_gALBERTO SANCHEZ Responsable de Automatización